Barroco en Europa

-д хадгалсан:
Номзүйн дэлгэрэнгүй
Үндсэн зохиолчид: Fernández Arenas, José (Зохиогч), Bassegoda i Hugas, Bonaventura (Зохиогч)
Формат: Ном
Хэл сонгох:испани
Хэвлэсэн: Barcelona Gustavo Gili 1983
Хэвлэл:1a. ed
Цуврал:Fuentes y Documentos para la Historia del Arte, 5
Нөхцлүүд:
Шошгууд: Шошго нэмэх
Шошго байхгүй, Энэхүү баримтыг шошголох эхний хүн болох!

MARC

LEADER 00000cam a2200000 a 4500
001 UCP9809
003 CL-VaPUC
008 000407e19830000SP |||||||||||||||||spa|d
020 |a 8425211484 
082 0 4 |a 709.032  |b FER  |2 21 
100 0 |a Fernández Arenas, José  |e author  |9 440656 
700 0 |a Bassegoda i Hugas, Bonaventura  |e author  |9 440657 
245 1 0 |a Barroco en Europa 
250 |a 1a. ed 
300 |a 477 p 
942 |c BK 
945 |d 20000407 00:00:00  |a crobeson 
260 |a Barcelona  |b Gustavo Gili  |c 1983 
650 0 |a Historia del arte  |9 314877 
650 0 |a Arte barroco  |9 265546 
650 0 |a Arte italiano  |9 265547 
650 0 |a Arte francés  |9 345069 
650 0 |a Pintura italiana  |9 265293 
650 7 |a ESCULTURA ITALIANA  |2 CL-VaPUC  |9 329274 
650 0 |a Pintura francesa  |9 266122 
650 0 |a Iconografía   |9 267998 
650 7 |a PINTURA INGLESA  |2 CL-VaPUC  |9 333455 
583 |a last modification  |c 20160711 11:48:18  |k Rodrigo Vera 
490 0 |a Fuentes y Documentos para la Historia del Arte, 5 
999 |c 286591  |d 286589 
952 |0 0  |1 0  |4 0  |6 709_032000000000000_FER_1983  |7 0  |8 X  |9 332614  |a BIBHIS  |b BIBHIS  |d 2019-11-20  |i 1398199  |o 709.032 FER 1983  |p 1398199  |r 2024-01-30  |w 2019-11-20  |y BK_X  |k HIS 
952 |0 0  |1 0  |4 0  |6 709_032000000000000_FER_1983  |7 0  |8 A  |9 332615  |a BIBEDU  |b BIBEDU  |d 2019-11-20  |i 4740297  |l 1  |o 709.032 FER 1983  |p 4740297  |r 2023-11-28  |s 2023-11-28  |w 2019-11-20  |y BK  |k FIL 
952 |0 0  |1 0  |3 erb  |4 0  |6 709_032000000000000_FER_1983  |7 0  |8 A  |9 332616  |a FDOHBE  |b FDOHBE  |e Huesbe Llanos, Marco Antonio, 1934-  |i 530749K  |o 709.032 FER 1983  |p 530749K  |r 2024-01-30  |w 2019-11-20  |y BK  |z Catalogado en:20160713  |k HBE